000 00694nam a2200241 i 4500
001 12727
003 ES-MaACL
005 20230906150400.0
007 t|
008 920205s1991 sp a |||| | spa d
020 _a84-7720-208-7
080 _a611/612:159.954
100 1 _aPeradejordi, Julio.
_990343
245 1 3 _aEl cuerpo humano /
_cJulio Peradejordi.
250 _a1ª ed.
260 _aBarcelona :
_bObelisco,
_c1991.
300 _a84 p. :
_bil. ;
_c21 cm.
490 1 _aBiblioteca de los símbolos ;
_v5
650 4 _aCuerpo humano-
_xAspectos simbólicos.
_911507
830 0 _aBiblioteca de los símbolos ;
_v5
_9179345
852 _aES-MaACL
_jL-20101
999 _c12727
_d12727